000 00500nam a22001577a 4500
005 20251108163334.0
008 250721s9999 xx 000 0 ara d
082 1 4 _a7ر158/عبد
100 1 _aالعيسوى، عبد الرحمن محمد
245 1 0 _aعلم النفس و الإنتاج /
264 1 _aالإسكندرية :
_bالدار الجامعيةللطباعة والنشر،
_c[19-].
300 _a395ص
650 1 7 _aعلم النفس الصناعي
942 _2ddc
_cBK
999 _c190
_d190